<?xml version="1.0" encoding="UTF-8"?>
<record
    xmlns:xsi="http://www.w3.org/2001/XMLSchema-instance"
    xsi:schemaLocation="http://www.loc.gov/MARC21/slim http://www.loc.gov/standards/marcxml/schema/MARC21slim.xsd"
    xmlns="http://www.loc.gov/MARC21/slim">

  <leader>01088cas a2200277Ka 4500</leader>
  <controlfield tag="001">2745698</controlfield>
  <controlfield tag="005">20200421093819.0</controlfield>
  <controlfield tag="008">940920c19489999stkwr ne      0    0eng d</controlfield>
  <datafield tag="043" ind1=" " ind2=" ">
    <subfield code="a">e-uk-st</subfield>
  </datafield>
  <datafield tag="245" ind1="0" ind2="4">
    <subfield code="a">The Argyllshire advertiser.</subfield>
  </datafield>
  <datafield tag="260" ind1=" " ind2=" ">
    <subfield code="a">Lochgilphead :</subfield>
    <subfield code="b">Argyllshire Advertiser,</subfield>
    <subfield code="c">1948-</subfield>
  </datafield>
  <datafield tag="300" ind1=" " ind2=" ">
    <subfield code="a">v. :</subfield>
    <subfield code="b">ill. ;</subfield>
    <subfield code="c">41-49 cm.</subfield>
  </datafield>
  <datafield tag="310" ind1=" " ind2=" ">
    <subfield code="a">Weekly</subfield>
  </datafield>
  <datafield tag="362" ind1="0" ind2=" ">
    <subfield code="a">No. 3158 (Feb. 4, 1948)-</subfield>
  </datafield>
  <datafield tag="500" ind1=" " ind2=" ">
    <subfield code="a">Description based on: No. 3169 (28th Apr., 1948).</subfield>
  </datafield>
  <datafield tag="530" ind1=" " ind2=" ">
    <subfield code="3">1948-1950</subfield>
    <subfield code="a">Also available on 35mm microfilm;</subfield>
    <subfield code="b">NEWSPLAN 2000 Project.</subfield>
  </datafield>
  <datafield tag="530" ind1=" " ind2=" ">
    <subfield code="3">1995-</subfield>
    <subfield code="a">Also available on 35 mm microfilm;</subfield>
    <subfield code="b">Edinburgh : Scottish Newspapers Microfilming Unit.</subfield>
  </datafield>
  <datafield tag="651" ind1=" " ind2="0">
    <subfield code="a">Argyllshire (Scotland)</subfield>
    <subfield code="v">Newspapers.</subfield>
    <subfield code="9">539</subfield>
  </datafield>
  <datafield tag="651" ind1=" " ind2="0">
    <subfield code="a">Argyll and Bute (Scotland)</subfield>
    <subfield code="v">Newspapers.</subfield>
    <subfield code="9">540</subfield>
  </datafield>
  <datafield tag="710" ind1="2" ind2=" ">
    <subfield code="a">NEWSPLAN 2000 Project.</subfield>
    <subfield code="5">StEdNL</subfield>
    <subfield code="9">541</subfield>
  </datafield>
  <datafield tag="710" ind1="2" ind2=" ">
    <subfield code="a">Scottish Newspapers Microfilming Unit.</subfield>
    <subfield code="5">StEdNL</subfield>
    <subfield code="9">532</subfield>
  </datafield>
  <datafield tag="780" ind1="0" ind2="0">
    <subfield code="t">Argyllshire advertiser and Lochfyneside echo</subfield>
  </datafield>
  <datafield tag="856" ind1="4" ind2="2">
    <subfield code="u">http://www.argyllshireadvertiser.co.uk/</subfield>
    <subfield code="z">Argyllshire advertiser - Online access</subfield>
  </datafield>
  <datafield tag="942" ind1=" " ind2=" ">
    <subfield code="2">ddc</subfield>
    <subfield code="c">CR</subfield>
  </datafield>
  <datafield tag="956" ind1=" " ind2=" ">
    <subfield code="a">NLS</subfield>
  </datafield>
  <datafield tag="999" ind1=" " ind2=" ">
    <subfield code="c">106</subfield>
    <subfield code="d">106</subfield>
  </datafield>
</record>
